Bibliografía crítica de ediciones del Quijote impresas desde 1605 hasta 1917 / (Record no. 148927)
[ view plain ]
| 000 -LEADER | |
|---|---|
| campo de control de longitud fija | 00617nam a2200181 4500 |
| 001 - NÚMERO DE CONTROL | |
| campo de control | 148927 |
| 003 - IDENTIFICADOR DE NÚMERO DE CONTROL | |
| campo de control | ES-MaACL |
| 005 - FECHA Y HORA DE LA ÚLTIMA TRANSACCIÓN | |
| campo de control | 20230906202856.0 |
| 007 - CAMPO FIJO DE DESCRIPCIÓN FÍSICA--INFORMACIÓN GENERAL | |
| campo de control de longitud fija | t| |
| 008 - DATOS DE LONGITUD FIJA--INFORMACIÓN GENERAL | |
| campo de control de longitud fija | 070214s1917 sp r ||||1| spa d |
| 100 1# - ENTRADA PRINCIPAL--NOMBRE DE PERSONA | |
| Nombre de persona | Suñé Benages, Juan. |
| 9 (RLIN) | 108792 |
| 245 10 - MENCIÓN DEL TÍTULO | |
| Título | Bibliografía crítica de ediciones del Quijote impresas desde 1605 hasta 1917 / |
| Mención de responsabilidad, etc. | recopiladas y descritas por Juan Suñé Benages y Juan Suñé Fonbuena. |
| 260 ## - PUBLICACIÓN, DISTRIBUCIÓN, ETC. | |
| Lugar de publicación, distribución, etc. | Barcelona : |
| Nombre del editor, distribuidor, etc. | Perelló, |
| Fecha de publicación, distribución, etc. | 1917. |
| 300 ## - DESCRIPCIÓN FÍSICA | |
| Extensión | XXXI, 485 p. ; |
| Dimensiones | 25 x 17 cm. |
| 700 1# - ENTRADA AGREGADA--NOMBRE PERSONAL | |
| Nombre de persona | Suñé Fonbuena, Juan. |
| 9 (RLIN) | 108793 |
| 852 ## - LOCALIZACIÓN | |
| Ubicación | ES-MaACL |
| Número de control de estantería | F-1261 |
| 852 ## - LOCALIZACIÓN | |
| Ubicación | ES-MaACL |
| Número de control de estantería | B-3444 |
| Estatus retirado | Estado de pérdida | Estado de daño | No para préstamo | Biblioteca de origen | Biblioteca actual | Ubicación en estantería | Fecha de adquisición | Fuente de adquisición | Total de préstamos | Signatura topográfica completa | Código de barras | Visto por última vez | Precio de reemplazo | Tipo de ítem Koha |
|---|---|---|---|---|---|---|---|---|---|---|---|---|---|---|
| Biblioteca del Ateneo de Madrid | Biblioteca del Ateneo de Madrid | Sala Pardo Bazán | 17/01/2008 | B-3444 | 1155412 | 23/02/2023 | 23/02/2023 | Libro impreso | ||||||
| Biblioteca del Ateneo de Madrid | Biblioteca del Ateneo de Madrid | Depósito 2 | 17/01/2008 | F-1261 | 1155411 | 23/02/2023 | 23/02/2023 | Libro impreso |
